Etika a ekonómia u vybraných predstaviteľov inštitucionalizmu, neoinštitucionalizmu a novej inštitucionálnej ekonómie

Podstata inštitucionalizmu a neoinštitucionalizmu. Hlavní predstavitelia a ich pohľad na etiku v ekonomickej teórii a praxi. Predstavitelia novej inštitucionálnej ekonómie a ich tvrdenia.

Gespeichert in:
Bibliographische Detailangaben
1. Verfasser: Vongrej, Marián
Format: Buchkapitel
Sprache:Slowakisch
Schlagworte:
Tags: Tag hinzufügen
Keine Tags, Fügen Sie das erste Tag hinzu!

MARC

LEADER 00000naa$a2200000$$$4500
001 0208217
005 20240502083520.8
041 0 |a slo 
044 |a UA 
245 1 0 |a Etika a ekonómia u vybraných predstaviteľov inštitucionalizmu, neoinštitucionalizmu a novej inštitucionálnej ekonómie  |c Marián Vongrej 
520 |a Podstata inštitucionalizmu a neoinštitucionalizmu. Hlavní predstavitelia a ich pohľad na etiku v ekonomickej teórii a praxi. Predstavitelia novej inštitucionálnej ekonómie a ich tvrdenia. 
610 2 0 |a teórie ekonomické 
610 2 0 |a ekonómia inštitucionálna 
610 2 0 |a etika 
100 1 |a Vongrej, Marián